000 00218nam a2200097Ia 4500
008 230907s9999||||xx |||||||||||||| ||und||
082 _a532.05,FLU
245 0 _aFluid dynamics :
300 _axvi, 508 p.:
942 _cBK
999 _c597708
_d597708